000 01386pam a2200337 i 4500
001 mellonschronicle00kosk
003 CaSfIA
005 20210118184945.0
007 cr||||
008 771130s1978 nyua b 001 0ceng
035 _9(DLC) 77025947
856 4 1 _uhttp://www.archive.org/details/mellonschronicle00kosk
_zFree eBook from the Internet Archive
856 4 2 _uhttp://www.openlibrary.org/books/OL4555968M
_zAdditional information and access via Open Library
010 _a 77025947
020 _a0690011903 :
_c$14.50
040 _aDLC
_cDLC
_dDLC
_dCaSfIA
043 _an-us---
050 0 0 _aHC102.5.M38
_bK67 1978
082 0 0 _a338/.092/2
_aB
100 1 _aKoskoff, David E.,
_d1939-
245 1 4 _aThe Mellons :
_h[electronic resource]
_bthe chronicle of America's richest family /
_cDavid E. Koskoff.
250 _a1st ed.
260 _aNew York :
_bCrowell,
_cc1978.
300 _av, 602 p. :
_bill. ;
_c24 cm.
504 _aBibliography: p. 569-585.
500 _aIncludes index.
600 3 0 _aMellon family.
942 _cEB
506 _fНеобхідна авторизація на https://archive.org/ (створення облікового запису безкоштовно)
506 _fНеобхідна авторизація на https://openlibrary.org/ (створення облікового запису безкоштовно)
999 _c524515
_d524515